[Event "Arab-ch U14"]
[Site "Baghdad"]
[Date "2022.03.10"]
[Round "1"]
[White "Seder, Mohamad"]
[Black "Hussein, Maher Nadham"]
[Result "1-0"]
[WhiteElo "1787"]
[BlackElo "1067"]
[PlyCount "65"]
[EventDate "2022.03.10"]
[EventType "swiss"]
[EventRounds "9"]
[EventCountry "IRQ"]
[SourceTitle "EXT 2023"]
[Source "ChessBase"]
[SourceDate "2022.10.05"]
[SourceVersion "1"]
[SourceVersionDate "2022.10.05"]
[SourceQuality "1"]

1. e4 c5 2. Nf3 Nc6 3. Bb5 g6 4. 0-0 Bg7 5. d3 a6 6. Bxc6 dxc6 7. Bd2 Bxb2 8. Nc3 Bxa1 9. Qxa1 Nf6 10. e5 Nd5 11. Ne4 0-0 12. Bh6 b6 13. Nh4 e6 14. c4 Qxh4 15. Bg5 Qh5 16. cxd5 Qe2 17. Nf6+ Kh8 18. Bh6 Rd8 19. d6 Qxd3 20. Qc1 Qf5 21. Re1 Rxd6 22. exd6 Qxf6 23. Bf4 Kg8 24. Be5 Qd8 25. Qf4 f5 26. Rd1 Ra7 27. h4 a5 28. Bc3 Qd7 29. Qe5 Qg7 30. Qxg7+ Rxg7 31. Bxg7 Kxg7 32. d7 Bxd7 33. Rxd7+ 1-0